ĐôÌ£ng vâÌ£t hoÌ£c không xương sôÌng GiaÌo triÌ€nh duÌ€ng cho trươÌ€ng ĐaÌ£i hoÌ£c Sư phaÌ£m
TriÌ€nh baÌ€y caÌc đăÌ£c điểm sinh liÌ, phaÌt triển, sinh sản của caÌc phân ngaÌ€nh, phân lơÌp của đôÌ£ng vâÌ£t không xương sôÌng
Đã lưu trong:
| 主要作者: | |
|---|---|
| 格式: | 圖書 |
| 語言: | Undetermined |
| 出版: |
H.
GiaÌo duÌ£c
2009
|
| 主題: | |
| 在線閱讀: | http://lrc.tdmu.edu.vn/opac/search/detail.asp?aID=2&ID=7581 |
| 標簽: |
添加標簽
沒有標簽, 成為第一個標記此記錄!
|
| Thư viện lưu trữ: | Trung tâm Học liệu Trường Đại học Thủ Dầu Một |
|---|
| LEADER | 01103nam a2200217Ia 4500 | ||
|---|---|---|---|
| 001 | TDMU_7581 | ||
| 008 | 210410s9999 xx 000 0 und d | ||
| 082 | |a 592.1 | ||
| 090 | |b TH112 | ||
| 100 | |a ThaÌi, TrâÌ€n BaÌi | ||
| 245 | 0 | |a ĐôÌ£ng vâÌ£t hoÌ£c không xương sôÌng | |
| 245 | 0 | |b GiaÌo triÌ€nh duÌ€ng cho trươÌ€ng ĐaÌ£i hoÌ£c Sư phaÌ£m | |
| 245 | 0 | |c GS. TSKH. ThaÌi TrâÌ€n BaÌi | |
| 260 | |a H. | ||
| 260 | |b GiaÌo duÌ£c | ||
| 260 | |c 2009 | ||
| 300 | |a 379tr. | ||
| 520 | |a TriÌ€nh baÌ€y caÌc đăÌ£c điểm sinh liÌ, phaÌt triển, sinh sản của caÌc phân ngaÌ€nh, phân lơÌp của đôÌ£ng vâÌ£t không xương sôÌng | ||
| 650 | |a Đông vâÌ£t không xương sôÌng; ĐôÌ£ng vâÌ£t; ĐôÌ£ng vâÌ£t hoÌ£c; Không xương sôÌng | ||
| 856 | |u http://lrc.tdmu.edu.vn/opac/search/detail.asp?aID=2&ID=7581 | ||
| 980 | |a Trung tâm Học liệu Trường Đại học Thủ Dầu Một | ||